Ganga ki Lahren/ (Record no. 44575)

MARC details
000 -LEADER
fixed length control field 01617njm a22002897a 4500
005 - DATE AND TIME OF LATEST TRANSACTION
control field 20100908150712.0
006 - FIXED-LENGTH DATA ELEMENTS--ADDITIONAL MATERIAL CHARACTERISTICS--GENERAL INFORMATION
fixed length control field a|||||r|||||00| 0
007 - PHYSICAL DESCRIPTION FIXED FIELD--GENERAL INFORMATION
fixed length control field sd ammalaaahaa
008 - FIXED-LENGTH DATA ELEMENTS--GENERAL INFORMATION
fixed length control field 100901t xxu||||| |||| 00| 0 eng d
028 ## - PUBLISHER NUMBER
Publisher number N-54772
Source His Master 's Voice
035 ## - SYSTEM CONTROL NUMBER
System control number GR-01395
040 ## - CATALOGING SOURCE
Original cataloging agency SED
Transcribing agency SED
100 ## - MAIN ENTRY--PERSONAL NAME
Personal name Kishore Kumar
9 (RLIN) 17816
245 ## - TITLE STATEMENT
Title Ganga ki Lahren/
Medium [Gramophone Recoding] :
Remainder of title
Statement of responsibility, etc by Kishore Kumar,Lata mangeshker[and] Janta chitra
246 ## - VARYING FORM OF TITLE
Title proper/short title गंगा की लहरें /(किशोर कुमार )(,लता मंगेशकर ) [एंड ] (जनता चित्र )
260 ## - PUBLICATION, DISTRIBUTION, ETC. (IMPRINT)
Place of publication, distribution, etc Dum Dum, India:
Name of publisher, distributor, etc His Master 's Voice
300 ## - PHYSICAL DESCRIPTION
Extent 1 sound Disc [GramaphoneRecording] :
Other physical details analog, 33 1/3 rpm ;
Dimensions 9.5 in (MP)
Type of unit Gramaphone Records
500 ## - GENERAL NOTE
General note Brief Record
505 ## - FORMATTED CONTENTS NOTE
Formatted contents note पार्ट १ हमारे संग संग चले (गंगा की लहरें )(किशोर कुमार )(,लता मंगेशकर ) [एंड ] (जनता चित्र )Part1 Hamare sang sang Chale (Ganga ki Lahren)(Kishore Kumar)(Lata mangeshker) [and] (Janta chitra) पार्ट २ बेर्री बिछुवा बड़ा दुःख दे Part 2 Berri bichuva bada dukh de ()
650 ## - SUBJECT ADDED ENTRY--TOPICAL TERM
Topical term or geographic name as entry element Motion Picture Music
General subdivision Excerpts
Geographic subdivision India
9 (RLIN) 17817
700 ## - ADDED ENTRY--PERSONAL NAME
9 (RLIN) 17836
Personal name Lata mangeshker
700 ## - ADDED ENTRY--PERSONAL NAME
Personal name Janta chitra
9 (RLIN) 18977
700 ## - ADDED ENTRY--PERSONAL NAME
Personal name Majrooh
9 (RLIN) 18937
700 ## - ADDED ENTRY--PERSONAL NAME
Personal name ChitraGupta
9 (RLIN) 18986
942 ## - ADDED ENTRY ELEMENTS (KOHA)
Source of classification or shelving scheme Dewey Decimal Classification
Item type Gramaphone Records
Holdings
Withdrawn status Lost status Source of classification or shelving scheme Damaged status Not for loan Collection code Home library Current library Date acquired Source of acquisition Total Checkouts Barcode Date last seen Copy number Price effective from Koha item type
    Dewey Decimal Classification   Not For Loan Non-fiction Central Library Central Library 08/09/2010 SED/VEN   GR-01397 08/09/2010 1 08/09/2010 Gramaphone Records

© Delhi Public Library
Hit Counter
free hit counter